000
00324nam a2200121Ia 4500
008
240624s9999 xx 000 0 und d
041
_a
eng
082
_a
658.8 AAK
100
_a
AAKER DAVID A
245
_a
STRATEGIC MARKET MANAGEMENT GLOBAL PERSP
260
_c
2014
_a
New Delhi
_b
Wiley
300
_a
xiii, : 354 : p. : cm. ; 22
999
_c
24109
_d
24109